000 00710nam a2200241 i 4500
001 19012
003 ES-MaACL
005 20230906151957.0
007 t|
008 020513s2001 sp ||||1| spa d
020 _a84-8306-462-6
080 _a821.111(73)-31"19"
100 1 _aMcCarthy, Cormac.
_979525
245 1 0 _aHijo de Dios /
_cCormac McCarthy ; traducción de Pedro Ferrández Aranda.
250 _a1ª ed.
260 _aMadrid :
_bDebate,
_c2001.
300 _a159 p. ;
_c22 cm.
490 1 _aNarrativa (Editorial Debate
700 1 _aFerrández Aranda, Pedro.
_950261
830 0 _aNarrativa (Editorial Debate
_9123210
852 _aES-MaACL
_jL-25495
_bR.130680
999 _c19012
_d19012